Statistics for wings of fire

Click here to take the quiz!

General Stats

  • This quiz has been taken 65 times
  • The average score is 22 of 25

Answer Stats

hintAnswer% Correct
glory
100%
queensscarlet
100%
blaze
98%
blister
98%
three sistersburn
98%
dragonets of destinyclay
98%
perils motherKestrel
98%
starflight
98%
winner of warthorn
98%
tsunami
98%
sunny
96%
glacier
94%
fruit bat
91%
viper
91%
coral
87%
fatespeaker
87%
flame
87%
alternate dragonets of destinyochre
87%
moorhen
85%
battlewinner
83%
squid
83%
dazzling
77%
grandeur
72%
rainwing queensmagnificent
72%
exquisite
60%

Score Distribution

Percentile by Number Answered

Percent of People with Each Score

Your Score History

You have not taken this quiz